| 000 | 00448cam a2200181ua 4500 | ||
|---|---|---|---|
| 020 | _c21 sh | ||
| 041 |
_aeng _h |
||
| 082 |
_a338.767 _bAND/MA |
||
| 100 | _aAndrews, P W S . | ||
| 245 |
_aManufacturing business / _cP W S Andrews. _hTextual Documents |
||
| 250 |
_a1 / _b. |
||
| 260 |
_aLondon : _bMacMillan and Company Limited , _c1959. |
||
| 300 | _a308 ; . | ||
| 365 | _a21 sh | ||
| 504 | _a | ||
| 942 | _cBK | ||
| 999 |
_c11910 _d11910 |
||